| 000 | 00527nam a2200217Ia 4500 | ||
|---|---|---|---|
| 008 | 210210b2008 xxu||||| |||| 00| 0 eng d | ||
| 041 | _aeng | ||
| 082 | _a658.3 UDAH | ||
| 100 | _aUDAYA CHANDRA (P N) | ||
| 245 | _aHuman resource management: VI Semester BBM | ||
| 260 |
_aMangalore _bUnited Publishers _c2008 |
||
| 300 | _a144 | ||
| 650 | _aVI | ||
| 650 | _aSemester | ||
| 650 | _aresource | ||
| 650 | _amanagement | ||
| 650 | _aHuman | ||
| 650 | _aBBM | ||
| 690 | _aHuman Resource Management | ||
| 906 | _aSG05075 | ||
| 999 |
_c136303 _d136303 |
||